Statistics for Mystery Movie Monologue #2

Click here to take the quiz!

General Stats

  • This quiz has been taken 236 times
  • The average score is 71 of 99

Answer Stats

Answer% Correct
a
98%
a
98%
a
98%
I
97%
I
97%
I
97%
I
97%
I
97%
I
97%
I
97%
I
97%
I
97%
I
97%
I
97%
the
92%
you.
92%
you
92%
you
92%
you.
92%
you,
92%
you,
92%
you,
92%
you.
92%
you
92%
you
92%
you
92%
you
92%
do
87%
who
82%
know
81%
know
81%
what
81%
what
81%
and
80%
are
80%
are.
80%
are
80%
be
77%
don't
76%
don't
76%
don't,
76%
don't
76%
me
76%
will
74%
will
74%
will
74%
will
74%
will
74%
want.
73%
it.
71%
of
70%
of
70%
have
69%
have
69%
have
69%
that
69%
that'll
69%
for
68%
for
68%
for
68%
for
68%
If
68%
If
68%
if
68%
go
67%
kill
66%
my
66%
can
65%
not
65%
not
65%
But
64%
But
64%
find
62%
look
54%
look
54%
like
53%
end
52%
tell
51%
let
47%
Skills
47%
skills
47%
skills;
47%
daughter
46%
money.
46%
people
46%
set
46%
looking
45%
make
45%
over
45%
very
45%
very
45%
now,
43%
long
42%
acquired
40%
particular
40%
career.
39%
nightmare
38%
ransom,
37%
pursue
34%

Score Distribution

Percentile by Number Answered

Percent of People with Each Score

Your Score History

You have not taken this quiz